Nghệ thuật thơ Chế Lan Viên

Nghiên cứu, giới thiệu một số nét cơ bản trong thơ Chế Lan Viên như: quan niệm nghệ thuật và đặc sắc của tư duy thơ Chế Lan Viên, hình ảnh thơ, ngôn ngữ thơ và thể loại thơ của ông

Salvato in:
Dettagli Bibliografici
Autore principale: Đoàn Trọng Huy
Natura: Libro
Lingua:Vietnamese
Pubblicazione: H. Nxb Đại học Sư phạm 2006
Soggetti:
Tags: Aggiungi Tag
Nessun Tag, puoi essere il primo ad aggiungerne! !
Thư viện lưu trữ: Mạng thư viện Đại học Đà Nẵng
LEADER 01303nam a2200349 4500
001 000004227
003 358
005 20121211001206.0
008 110718s2006 viesd
020 |c 25000 
041 0 |a vie 
082 |a 895.9221  |b ĐO-H 
100 0 |a Đoàn Trọng Huy 
245 0 |a Nghệ thuật thơ Chế Lan Viên  |c Đoàn Trọng Huy 
260 |a H.  |b Nxb Đại học Sư phạm  |c 2006 
300 |a 229  |c 20,5cm 
520 |a Nghiên cứu, giới thiệu một số nét cơ bản trong thơ Chế Lan Viên như: quan niệm nghệ thuật và đặc sắc của tư duy thơ Chế Lan Viên, hình ảnh thơ, ngôn ngữ thơ và thể loại thơ của ông 
653 |a Nghệ thuật 
653 |a Thơ 
653 |a Chế Lan Viên 
700 |a Đoàn Trọng Huy 
910 |a Ngô Văn Đường 
OWN |a LSP 
AVA |a UDN50  |b LSP  |d 895.9221 ĐO-H  |e available  |t Error 5001 Not defined in file expand_doc_bib_avail.  |f 9  |g 0  |h N  |i 1  |k 1 
999 |a From the UDN01 
AVA |a UDN50  |b LSP  |d 895.9221 ĐO-H  |e available  |t Error 5001 Not defined in file expand_doc_bib_avail.  |f 9  |g 0  |h N  |i 1  |k 1 
TYP |a Monograph 
TYP |a Printed language 
980 |a Mạng thư viện Đại học Đà Nẵng